North Dakota State Alumni - Statistics

General Stats
  • This quiz has been taken 9 times
  • The average score is 3 of 5
Answer Stats
Hint Answer % Correct
Quarterback who plays for the Kansas City Chiefs (who was drafted second overall in the 2016 NFL Draft by the Philadelphia Eagles) Carson Wentz
89%
Quarterback who plays for the Dallas Cowboys (former third overall pick in the 2021 NFL Draft by the San Francisco 49ers) Trey Lance
89%
Governor of North Dakota from 2016 to 2024 and Secretary of the Interior since 2025 Doug Burgum
78%
Democratic representative from Minnesota, first Somali African and one of the first two Muslim women in the U.S. congress Ilhan Omar
33%
Senator from North Dakota from 1945 to 1981 Milton Young
22%
No matching quizzes found
Score Distribution
Percent of People with Each Score
Percentile by Number Answered
Your Score History
You have not taken this quiz